[Event "FIDE World Bl Team Pool B"]
[Site "London ENG"]
[Date "2025.06.14"]
[Round "6.2"]
[White "Jumabayev, Rinat"]
[Black "Rendle, Thomas E"]
[Result "1-0"]
[WhiteTitle "GM"]
[BlackTitle "IM"]
[WhiteElo "2546"]
[BlackElo "2370"]
[WhiteTeam "Theme International Trading"]
[BlackTeam "Sharks 4NCL"]
[WhiteFideId "13702661"]
[BlackFideId "408760"]
[EventDate "2025.06.14"]
[EventType "team"]

1. Nf3 d5 2. g3 g6 3. Bg2 Bg7 4. O-O e5 5. d3 Nc6 6. Nc3 d4 7. Ne4 h6 8. c3 Nge7
9. cxd4 exd4 10. Qa4 O-O 11. b4 a5 12. b5 Nb4 13. Bb2 Re8 14. a3 Nbd5 15. Bxd4
Nb6 16. Bxb6 cxb6 17. Rac1 Nd5 18. Rfe1 Bg4 19. h3 Be6 20. Nd4 Bc8 21. Qc4 Nf4
22. gxf4 Bxd4 23. a4 Be6 24. Qc2 Qh4 25. e3 Bg7 26. Kh2 g5 27. fxg5 hxg5 28. Ng3
Be5 29. d4 Bd6 30. Qe4 Qh6 31. Qxb7 Rab8 32. Qc6 Bxh3 33. Bxh3 g4 34. Qg2 Re6
35. f4 gxh3 36. Qxh3 Qf8 37. Nf5 Rg6 38. Rg1 Re8 39. Rg3 Re6 40. Rcg1 Bb8 41.
Nh4 Rxg3 42. Rxg3+ Kh7 43. Nf5+ 1-0

[Event "FIDE World Bl Team Pool B"]
[Site "London ENG"]
[Date "2025.06.14"]
[Round "6.3"]
[White "Roberson, Peter T"]
[Black "Le, Tuan Minh"]
[Result "0-1"]
[WhiteTitle "IM"]
[BlackTitle "GM"]
[WhiteElo "2433"]
[BlackElo "2598"]
[WhiteTeam "Sharks 4NCL"]
[BlackTeam "Theme International Trading"]
[WhiteFideId "412384"]
[BlackFideId "12401153"]
[EventDate "2025.06.14"]
[EventType "team"]

1. e4 e5 2. Nf3 Nc6 3. Bb5 a6 4. Ba4 Bc5 5. c3 Nge7 6. d4 exd4 7. cxd4 Bb4+ 8.
Bd2 Bxd2+ 9. Nbxd2 d5 10. e5 O-O 11. h3 f6 12. exf6 Rxf6 13. O-O Ng6 14. Re1 Nf4
15. Bxc6 Rxc6 16. Nf1 Rf6 17. Ng3 Qf8 18. Re3 Bd7 19. Rc1 c6 20. Rcc3 Qd6 21.
Re5 Raf8 22. Nh5 Nxh5 23. Rxh5 Bf5 24. Re3 Be4 25. Ng5 Bg6 26. Rh4 Rxf2 27. Re6
Qg3 0-1

[Event "FIDE World Bl Team Pool B"]
[Site "London ENG"]
[Date "2025.06.14"]
[Round "6.4"]
[White "Tin, Jingyao"]
[Black "Purton, Ben J"]
[Result "1-0"]
[WhiteTitle "GM"]
[BlackTitle "FM"]
[WhiteElo "2583"]
[BlackElo "2173"]
[WhiteTeam "Theme International Trading"]
[BlackTeam "Sharks 4NCL"]
[WhiteFideId "5804418"]
[BlackFideId "411132"]
[EventDate "2025.06.14"]
[EventType "team"]

1. d4 Nf6 2. c4 g6 3. Nc3 d5 4. Nf3 Bg7 5. Qb3 dxc4 6. Qxc4 Nc6 7. e4 Bg4 8. d5
Na5 9. Qa4+ c6 10. e5 b5 11. Qf4 Nxd5 12. Qxg4 Nxc3 13. bxc3 O-O 14. Be2 f5 15.
Qb4 Nb7 16. O-O e6 17. Rd1 Qc8 18. Qh4 Qc7 19. Bh6 Nc5 20. Bxg7 Qxg7 21. Qf4 h6
22. h4 Ne4 23. Nd4 Nxc3 24. Rdc1 Nd5 25. Qd2 Qxe5 26. Rxc6 Rfe8 27. Bf3 Rad8 28.
Re1 Qh8 29. Rcxe6 Rxe6 30. Nxe6 Qf6 31. Nxd8 Nc3 32. Re8+ Kg7 33. Qd7+ 1-0

[Event "FIDE World Bl Team Pool B"]
[Site "London ENG"]
[Date "2025.06.14"]
[Round "6.5"]
[White "Hryshchenko, Kamila"]
[Black "Gong, Qianyun"]
[Result "0-1"]
[WhiteTitle "WFM"]
[BlackTitle "WGM"]
[WhiteElo "2097"]
[BlackElo "2228"]
[WhiteTeam "Sharks 4NCL"]
[BlackTeam "Theme International Trading"]
[WhiteFideId "14147491"]
[BlackFideId "8602425"]
[EventDate "2025.06.14"]
[EventType "team"]

1. e4 e6 2. d3 c5 3. Nf3 Nc6 4. g3 g6 5. Bg2 Bg7 6. O-O Nge7 7. Nc3 d6 8. Ng5 h6
9. Nh3 a6 10. f4 Qc7 11. Kh1 b5 12. Ne2 Bb7 13. c3 f5 14. Be3 O-O 15. Nf2 Kh7
16. h3 e5 17. fxe5 Nxe5 18. Nf4 Qd7 19. Qd2 Rae8 20. Rae1 fxe4 21. Nxe4 Nf5 22.
Bf2 c4 23. d4 Nf7 24. h4 Nd8 25. h5 g5 26. Ng6 Rf7 27. g4 Ne7 28. Qc2 Kg8 29.
Bg3 Nxg6 30. hxg6 Rxf1+ 31. Rxf1 Qxg4 32. Nxd6 Bxg2+ 33. Qxg2 Re2 34. Rf2 Qh5+
35. Kg1 Re1+ 36. Rf1 Rxf1+ 37. Qxf1 Qxg6 38. Qf3 Qe6 39. Nf5 Bf8 40. d5 Qb6+ 41.
Bf2 Qc7 42. Bd4 Nf7 43. Qh5 Kh7 44. d6 Qd7 45. Ne7 Qe6 46. Qf3 Bxe7 47. dxe7
Qxe7 48. Qf5+ Kg8 49. Qg6+ Kf8 50. Bg7+ Ke8 51. Qc6+ Qd7 52. Qa8+ Ke7 53. Qxa6
Qd1+ 54. Kg2 Qe2+ 55. Kg1 Qe3+ 56. Kf1 Qc1+ 57. Ke2 Qxb2+ 58. Kf3 Nd6 59. Qa7+
Ke6 60. Qe3+ Kd7 61. Qa7+ Ke6 62. Qe3+ Kf7 63. Bd4 Qh2 64. Qe5 Qxe5 65. Bxe5 Ke6
66. Bg7 h5 67. Bd4 Nf5 68. Bc5 Kd5 69. Bf8 Nd6 70. Bg7 Ne4 71. Bd4 b4 72. Bg7
bxc3 73. Ke3 c2 74. Bb2 c3 75. Bc1 h4 76. Kd3 h3 0-1

[Event "FIDE World Bl Team Pool B"]
[Site "London ENG"]
[Date "2025.06.14"]
[Round "6.6"]
[White "Zhang, Changjie"]
[Black "Morea, Georgiana-Steluta"]
[Result "0-1"]
[WhiteElo "1808"]
[BlackElo "1920"]
[WhiteTeam "Theme International Trading"]
[BlackTeam "Sharks 4NCL"]
[WhiteFideId "5801877"]
[BlackFideId "1204319"]
[EventDate "2025.06.14"]
[EventType "team"]

1. e4 c5 2. Nc3 e6 3. f4 Nc6 4. Bb5 d6 5. Nf3 Bd7 6. Bxc6 Bxc6 7. d3 Nf6 8. O-O
g6 9. Qe1 Bg7 10. f5 O-O 11. fxg6 fxg6 12. Bg5 Qd7 13. Qd2 b5 14. Bh6 Rae8 15.
Bxg7 Qxg7 16. h3 Nh5 17. Ng5 Qd4+ 18. Kh2 Qe5+ 19. Kg1 Ng3 20. Rxf8+ Rxf8 21.
Nf3 Qg7 22. Qg5 Nh5 23. Rf1 Nf4 24. Nh4 e5 25. Nd5 Bxd5 26. exd5 Ne2+ 27. Kh2
Rxf1 28. Qd8+ Qf8 29. Qd7 Qf4+ 0-1

[Event "FIDE World Bl Team Pool B"]
[Site "London ENG"]
[Date "2025.06.14"]
[Round "6.1"]
[White "Harvey, Marcus R"]
[Black "Rodshtein, Maxim"]
[Result "1-0"]
[WhiteTitle "IM"]
[BlackTitle "GM"]
[WhiteElo "2445"]
[BlackElo "2645"]
[WhiteTeam "Wood Green"]
[BlackTeam "Rishon LeZion Chess Club"]
[WhiteFideId "400092"]
[BlackFideId "2806851"]
[EventDate "2025.06.14"]
[EventType "team"]

1. c4 g6 2. Nc3 c5 3. g3 Bg7 4. Bg2 Nc6 5. e3 e6 6. Nge2 Nge7 7. O-O O-O 8. d4
cxd4 9. Nxd4 d5 10. cxd5 exd5 11. b3 Nxd4 12. exd4 Re8 13. Bg5 Be6 14. Rc1 h6
15. Bxe7 Rxe7 16. Re1 Rc7 17. Qd2 Rac8 18. Ne2 g5 19. Rxc7 Rxc7 20. Rc1 Rxc1+
21. Qxc1 Qa5 22. a3 Qa6 23. Bf1 Qb6 24. Qc3 Bg4 25. f3 Bf5 26. b4 Qd8 27. Qe3 b6
28. f4 Be6 29. Bg2 g4 30. Qd3 Qc8 31. Kf2 h5 32. Ke3 Bf5 33. Qc3 Qe8+ 34. Kf2
Be6 35. Qc7 a5 36. bxa5 bxa5 37. Qxa5 Qc8 38. Qd2 Qc4 39. Qb4 Qd3 40. a4 Qc2 41.
a5 Bf5 42. Qc5 1-0

[Event "FIDE World Bl Team Pool B"]
[Site "London ENG"]
[Date "2025.06.14"]
[Round "6.2"]
[White "Steinberg, Nitzan"]
[Black "Willow, Jonah B"]
[Result "1-0"]
[WhiteTitle "GM"]
[BlackTitle "IM"]
[WhiteElo "2554"]
[BlackElo "2470"]
[WhiteTeam "Rishon LeZion Chess Club"]
[BlackTeam "Wood Green"]
[WhiteFideId "2801795"]
[BlackFideId "438804"]
[EventDate "2025.06.14"]
[EventType "team"]

1. e4 e6 2. d4 d5 3. Nd2 Be7 4. c3 c5 5. exd5 Qxd5 6. Ngf3 cxd4 7. Bc4 Qd8 8.
Nxd4 Nf6 9. O-O O-O 10. Re1 a6 11. a4 b6 12. N2f3 Bb7 13. Ne5 Bd5 14. Qe2 Qc7
15. Bd3 Nbd7 16. Nxd7 Qxd7 17. Bxa6 Rfd8 18. Bg5 h6 19. Bh4 Ne4 20. Bb5 Qc7 21.
Bxe7 Qxe7 22. Nc6 Qg5 23. f4 Qxf4 24. Nxd8 Rxd8 25. Rad1 Rf8 26. Rd4 f5 27. Bc4
Bxc4 28. Rxc4 Kh7 29. Rxe4 fxe4 30. Qxe4+ Qxe4 31. Rxe4 Rf6 32. Re5 Kg8 33. Rb5
Rf4 34. Rxb6 Rxa4 35. Rxe6 Ra2 36. Re2 Kf7 37. Kf2 Kf6 38. b4 Ra1 39. Rb2 Rc1
40. Rb3 Rc2+ 41. Kf3 Ke6 42. b5 Kd7 43. b6 Kc8 44. b7+ Kb8 45. h4 h5 46. g3 g6
47. Kf4 Rg2 48. c4 Rc2 49. Rb4 Rc3 50. g4 hxg4 51. Kxg4 Rc1 52. Kg5 Rg1+ 53. Kf4
Rh1 54. Kg3 Rg1+ 55. Kh2 Rg4 56. Kh3 Rd4 57. Kg3 Re4 58. Rb6 Rxc4 59. Rxg6 Kxb7
60. Rg4 Rc1 61. Rd4 Kc6 62. Kf4 Kc5 63. Rd2 Rh1 64. Kg5 Kc6 65. h5 Kc7 66. h6
Rg1+ 67. Kf5 Rf1+ 68. Kg6 Rg1+ 69. Kf7 Rf1+ 70. Ke7 Re1+ 71. Kf6 Rf1+ 72. Kg7
Rg1+ 73. Kh7 Kc6 74. Rd8 Kc7 75. Rg8 Rh1 76. Rg6 Kd7 77. Kg7 Re1 78. h7 Re7+ 79.
Kh6 Re8 80. Rg8 1-0

[Event "FIDE World Bl Team Pool B"]
[Site "London ENG"]
[Date "2025.06.14"]
[Round "6.3"]
[White "Czopor, Maciej"]
[Black "Sokolovsky, Yahli"]
[Result "0-1"]
[WhiteTitle "IM"]
[BlackTitle "GM"]
[WhiteElo "2423"]
[BlackElo "2542"]
[WhiteTeam "Wood Green"]
[BlackTeam "Rishon LeZion Chess Club"]
[WhiteFideId "21805431"]
[BlackFideId "2820242"]
[EventDate "2025.06.14"]
[EventType "team"]

1. e4 e5 2. Nf3 Nc6 3. d4 exd4 4. Nxd4 Bc5 5. Nb3 Bb6 6. Nc3 Qf6 7. Qe2 Nge7 8.
a4 a5 9. h4 h6 10. Be3 Nd4 11. Bxd4 Bxd4 12. Nxd4 Qxd4 13. Rh3 d6 14. Rd3 Qb4
15. O-O-O Be6 16. Nd5 Bxd5 17. exd5 Kf8 18. Rd4 Qb6 19. Re4 Ng6 20. h5 Ne5 21.
f4 Nd7 22. Qb5 Qxb5 23. Bxb5 Nf6 24. Rc4 Rc8 25. Rd3 Ke7 26. Rdc3 Kd8 27. Rg3
Nxh5 28. Re3 0-1

[Event "FIDE World Bl Team Pool B"]
[Site "London ENG"]
[Date "2025.06.14"]
[Round "6.4"]
[White "Bronstein, Or"]
[Black "Wadsworth, Matthew J"]
[Result "1-0"]
[WhiteTitle "IM"]
[BlackTitle "IM"]
[WhiteElo "2443"]
[BlackElo "2481"]
[WhiteTeam "Rishon LeZion Chess Club"]
[BlackTeam "Wood Green"]
[WhiteFideId "2815770"]
[BlackFideId "415804"]
[EventDate "2025.06.14"]
[EventType "team"]

1. d4 d5 2. c4 c6 3. Nf3 Nf6 4. e3 Bf5 5. Nc3 e6 6. Nh4 Be4 7. f3 Bg6 8. Bd2
Nbd7 9. Nxg6 hxg6 10. cxd5 exd5 11. Qc2 Qc7 12. O-O-O O-O-O 13. Kb1 Kb8 14. e4
Be7 15. e5 Ne8 16. Rc1 Nf8 17. Be3 Ne6 18. f4 Qb6 19. Na4 Qa5 20. g4 N8c7 21. f5
Bg5 22. Bxg5 Nxg5 23. Qb3 Nb5 24. Nc5 Qb6 25. Qe3 Ne4 26. a4 Nxd4 27. Qxd4 gxf5
28. gxf5 Rh5 29. e6 Rxf5 30. e7 1-0

[Event "FIDE World Bl Team Pool B"]
[Site "London ENG"]
[Date "2025.06.14"]
[Round "6.5"]
[White "Orlovska, Madara"]
[Black "Lahav, Michal"]
[Result "1-0"]
[BlackTitle "WIM"]
[WhiteElo "2059"]
[BlackElo "2143"]
[WhiteTeam "Wood Green"]
[BlackTeam "Rishon LeZion Chess Club"]
[WhiteFideId "11601825"]
[BlackFideId "2813742"]
[EventDate "2025.06.14"]
[EventType "team"]

1. d4 Nf6 2. Nc3 d5 3. Bf4 g6 4. Qd2 Bg7 5. f3 O-O 6. Bh6 c5 7. Bxg7 Kxg7 8. e3
cxd4 9. exd4 Nc6 10. h4 h5 11. O-O-O Bf5 12. Nh3 Rc8 13. a3 Na5 14. Kb1 Nc4 15.
Bxc4 Rxc4 16. Nf4 Qd7 17. g4 hxg4 18. h5 g5 19. h6+ Kh7 20. Nh5 gxf3 21. Qxg5
Rg8 22. Nxf6+ exf6 23. Qxf6 Rg6 24. Qe5 Qe6 25. Qf4 Be4 26. Rde1 Qb6 27. Qxf7+
Kh8 28. Rxe4 dxe4 29. Nxe4 Rc8 1-0

[Event "FIDE World Bl Team Pool B"]
[Site "London ENG"]
[Date "2025.06.14"]
[Round "6.6"]
[White "Raiko, Yossi"]
[Black "Barwick, Carmel"]
[Result "0-1"]
[WhiteElo "1963"]
[BlackElo "1915"]
[WhiteTeam "Rishon LeZion Chess Club"]
[BlackTeam "Wood Green"]
[WhiteFideId "2835711"]
[BlackFideId "442925"]
[EventDate "2025.06.14"]
[EventType "team"]

1. d4 Nf6 2. c4 e6 3. Nf3 b6 4. g3 Bb7 5. Bg2 g6 6. Nc3 Bg7 7. O-O Ne4 8. Qc2
Nxc3 9. bxc3 O-O 10. e4 d6 11. Bg5 Qc8 12. Rfe1 Nc6 13. Nd2 e5 14. Be3 Ne7 15.
c5 f5 16. cxd6 cxd6 17. Bg5 Qd7 18. Rad1 Rac8 19. Qb3+ Kh8 20. dxe5 Bxe5 21. Nc4
Nc6 22. Nxe5 Nxe5 23. Bf4 Rc5 24. Bxe5+ Rxe5 25. f4 Rc5 26. Qb4 Qc7 27. Qd4+ Kg8
28. exf5 Bxg2 29. Kxg2 Qc6+ 30. Kg1 Rxc3 31. Qxd6 Qxd6 32. Rxd6 gxf5 33. Rd7 Rf7
34. Red1 Ra3 35. Rxf7 Kxf7 36. Rd7+ Kg6 37. Rxa7 Rxa7 0-1

[Event "FIDE World Bl Team Pool B"]
[Site "London ENG"]
[Date "2025.06.14"]
[Round "6.1"]
[White "Murawski, Jan"]
[Black "Adams, Michael"]
[Result "0-1"]
[WhiteTitle "CM"]
[BlackTitle "GM"]
[WhiteElo "2164"]
[BlackElo "2659"]
[WhiteTeam "UK Chess Challenge Masters"]
[BlackTeam "Malcolm's Mates"]
[WhiteFideId "21009287"]
[BlackFideId "400041"]
[EventDate "2025.06.14"]
[EventType "team"]

1. e4 e5 2. Nf3 Nc6 3. Nc3 Nf6 4. h3 Be7 5. d4 exd4 6. Nxd4 d6 7. Nxc6 bxc6 8.
Bd3 O-O 9. O-O Nd7 10. Be3 Bf6 11. f4 a5 12. Qf3 Ba6 13. Bxa6 Rxa6 14. Rad1 Bxc3
15. bxc3 Qe7 16. Rfe1 c5 17. e5 dxe5 18. Qb7 Re6 19. Qxc7 exf4 20. Rxd7 Qh4 21.
Red1 Rxe3 22. Rd8 Re1+ 23. Rxe1 Qxe1+ 24. Kh2 Qg3+ 25. Kh1 Qe1+ 26. Kh2 g6 27.
Rxf8+ Kxf8 28. Qxc5+ Kg8 29. Qd4 Qg3+ 30. Kh1 f3 31. Qd8+ Kg7 32. Qd4+ f6 33.
Qd7+ Kh6 34. Qd2+ g5 35. Kg1 fxg2 36. Qxg2 Qxc3 37. Qf2 Kg6 38. Kh2 h5 39. Qe2
Qe5+ 40. Qxe5 fxe5 41. Kg3 Kf5 42. Kf3 Ke6 43. Ke4 g4 44. hxg4 hxg4 45. Ke3 Kd5 0-1

[Event "FIDE World Bl Team Pool B"]
[Site "London ENG"]
[Date "2025.06.14"]
[Round "6.2"]
[White "Vitiugov, Nikita"]
[Black "Zhu, Pengxiao"]
[Result "1-0"]
[WhiteTitle "GM"]
[WhiteElo "2671"]
[BlackElo "1938"]
[WhiteTeam "Malcolm's Mates"]
[BlackTeam "UK Chess Challenge Masters"]
[WhiteFideId "4152956"]
[BlackFideId "499307"]
[EventDate "2025.06.14"]
[EventType "team"]

1. e4 e5 2. Nf3 Nc6 3. Bb5 a6 4. Ba4 Nf6 5. d3 b5 6. Bb3 Bc5 7. c3 d6 8. Bg5 h6
9. Bh4 g5 10. Bg3 O-O 11. a4 Rb8 12. O-O Ne7 13. axb5 axb5 14. d4 exd4 15. cxd4
Bb6 16. Re1 Ng6 17. Nc3 Bd7 18. e5 dxe5 19. Nxe5 Nxe5 20. dxe5 Nh7 21. Qc2 Be6
22. Bxe6 fxe6 23. Qg6+ Kh8 24. Qxh6 Qd2 25. Ne4 Qc2 26. Rac1 Qxb2 27. Nxg5 Bxf2+
28. Kh1 Rf7 29. Nxf7+ Kg8 30. Qg6+ Kf8 31. Nh6 Ng5 32. Qxg5 1-0

[Event "FIDE World Bl Team Pool B"]
[Site "London ENG"]
[Date "2025.06.14"]
[Round "6.3"]
[White "Yu, Rock"]
[Black "Saric, Ivan"]
[Result "0-1"]
[BlackTitle "GM"]
[WhiteElo "2057"]
[BlackElo "2661"]
[WhiteTeam "UK Chess Challenge Masters"]
[BlackTeam "Malcolm's Mates"]
[WhiteFideId "489000"]
[BlackFideId "14508150"]
[EventDate "2025.06.14"]
[EventType "team"]

1. d4 d6 2. Nf3 Nf6 3. g3 g6 4. Bg2 Bg7 5. b3 O-O 6. Bb2 e5 7. dxe5 Nfd7 8. O-O
dxe5 9. c4 e4 10. Bxg7 exf3 11. Bxf8 fxg2 12. Kxg2 Qxf8 13. Nc3 Nf6 14. e4 c6
15. e5 Ng4 16. Qe2 Qe7 17. Rae1 Na6 18. h3 Nh6 19. Qd2 Nf5 20. f4 Nc5 21. b4 Ne6
22. Ne4 a5 23. g4 Nfd4 24. Nf6+ Kg7 25. f5 Qxb4 26. Qxb4 axb4 27. fxe6 Bxe6 28.
Rf4 Rxa2+ 29. Kg3 Ne2+ 30. Kf3 Nxf4 31. Kxf4 b3 32. Ne8+ Kf8 33. Nf6 b2 34.
Nxh7+ Kg7 35. Nf6 Ra1 36. Ne8+ Kf8 37. Rb1 Rxb1 38. Kg5 Rf1 39. Kh6 Kxe8 40. h4
b1=Q 41. g5 Ke7 42. h5 gxh5 43. c5 Qg6# 0-1

[Event "FIDE World Bl Team Pool B"]
[Site "London ENG"]
[Date "2025.06.14"]
[Round "6.4"]
[White "McShane, Luke J"]
[Black "Longson, Sarah N"]
[Result "1-0"]
[WhiteTitle "GM"]
[BlackTitle "WFM"]
[WhiteElo "2615"]
[BlackElo "1941"]
[WhiteTeam "Malcolm's Mates"]
[BlackTeam "UK Chess Challenge Masters"]
[WhiteFideId "404853"]
[BlackFideId "2501465"]
[EventDate "2025.06.14"]
[EventType "team"]

1. e4 e5 2. Nf3 Nc6 3. Bb5 a6 4. Ba4 Nf6 5. O-O b5 6. Bb3 Bc5 7. a4 Rb8 8. c3 d6
9. d4 Bb6 10. Qd3 O-O 11. axb5 axb5 12. Bg5 Bg4 13. Nbd2 h6 14. Bxf6 Qxf6 15.
Qxb5 Bxf3 16. Nxf3 Na7 17. Qc4 exd4 18. cxd4 Nc8 19. Rae1 Ba5 20. Re3 Nb6 21.
Qb5 Ra8 22. Ra1 Rfb8 23. Rxa5 1-0

[Event "FIDE World Bl Team Pool B"]
[Site "London ENG"]
[Date "2025.06.14"]
[Round "6.5"]
[White "Vaidyanathan, Adithya"]
[Black "Mirzoeva, Elmira"]
[Result "0-1"]
[BlackTitle "WGM"]
[WhiteElo "2111"]
[BlackElo "2294"]
[WhiteTeam "UK Chess Challenge Masters"]
[BlackTeam "Malcolm's Mates"]
[WhiteFideId "495450"]
[BlackFideId "4127951"]
[EventDate "2025.06.14"]
[EventType "team"]

1. d4 d6 2. Nf3 Nf6 3. c4 Nbd7 4. Nc3 e5 5. e4 Be7 6. d5 Nc5 7. Qc2 a5 8. h3 O-O
9. Be3 b6 10. g4 Ne8 11. Be2 g6 12. Rg1 Ng7 13. Bh6 Bd7 14. O-O-O Kh8 15. Nd2
Bg5 16. Bxg5 Qxg5 17. Kb1 Qe7 18. Rg3 f5 19. gxf5 gxf5 20. Rdg1 Rg8 21. exf5
Nxf5 22. Rxg8+ Rxg8 23. Rxg8+ Kxg8 24. Bg4 Nd4 25. Qd1 Qg7 26. Nde4 Qg6 27. f3
h5 28. Bxd7 Nxd7 29. Nb5 Nc5 30. Nxd4 Nxe4 31. fxe4 exd4 32. Qxd4 Qg3 33. a3
Qxh3 34. Qg1+ Kf7 35. Qf2+ Kg7 36. Qg1+ Kf6 37. Qd4+ Kf7 38. e5 Qf1+ 39. Ka2
dxe5 0-1

[Event "FIDE World Bl Team Pool B"]
[Site "London ENG"]
[Date "2025.06.14"]
[Round "6.6"]
[White "Omarov, Murat"]
[Black "Veselow, Zoe"]
[Result "1-0"]
[WhiteElo "1823"]
[BlackElo "1761"]
[WhiteTeam "Malcolm's Mates"]
[BlackTeam "UK Chess Challenge Masters"]
[WhiteFideId "13731173"]
[BlackFideId "497657"]
[EventDate "2025.06.14"]
[EventType "team"]

1. e4 c5 2. Nf3 e6 3. d4 cxd4 4. Nxd4 a6 5. c4 Nf6 6. Nc3 Qc7 7. a3 Be7 8. Be2
d6 9. O-O Nbd7 10. Be3 O-O 11. Rc1 b6 12. f3 Bb7 13. Qd2 Rac8 14. Rfd1 Qb8 15.
g4 Ne5 16. b3 Rfe8 17. g5 Nfd7 18. f4 Nc6 19. Nf3 Nf8 20. h4 Ba8 21. Bf1 Red8
22. Bg2 f6 23. Bh3 Rc7 24. Qg2 b5 25. h5 bxc4 26. bxc4 Na5 27. h6 g6 28. Rb1 Rb7
29. Rxb7 Nxb7 30. gxf6 Bxf6 31. Bd4 Bxd4+ 32. Nxd4 Qc8 33. Qg5 Qxc4 34. Qf6 Qc7
35. Bxe6+ Nxe6 36. Nxe6 Qf7 37. Qxf7+ Kxf7 38. Nxd8+ Nxd8 39. Rxd6 Ne6 40. Rd7+
Kf6 41. Ra7 Bc6 42. Rxa6 Be8 43. Nd5+ Kf7 44. Ra7+ Kg8 45. Nf6+ Kf8 46. Nxh7+
Kg8 47. Nf6+ Kh8 48. Rh7# 1-0

[Event "FIDE World Bl Team Pool B"]
[Site "London ENG"]
[Date "2025.06.14"]
[Round "6.1"]
[White "Rakotomaharo, Fy Antenaina"]
[Black "Murzin, Volodar"]
[Result "0-1"]
[WhiteTitle "IM"]
[BlackTitle "GM"]
[WhiteElo "2441"]
[BlackElo "2666"]
[WhiteTeam "Mother Continent"]
[BlackTeam "Hexamind Chess Team"]
[WhiteFideId "13100050"]
[BlackFideId "44155573"]
[EventDate "2025.06.14"]
[EventType "team"]

1. e4 e5 2. Nf3 Nc6 3. Bc4 Nf6 4. d3 Be7 5. O-O O-O 6. Nc3 d6 7. a3 Be6 8. Nd5
h6 9. Re1 Re8 10. c3 Bf8 11. Nxf6+ Qxf6 12. Bxe6 Qxe6 13. d4 Ne7 14. dxe5 dxe5
15. Be3 Nc8 16. Qc2 Nd6 17. Rad1 Qc4 18. Bc1 c6 19. a4 a5 20. b3 Qe6 21. Ba3
Rad8 22. Bc5 Nc8 23. Bxf8 Kxf8 24. Nd2 Nd6 25. Nf1 Rd7 26. Rd2 Red8 27. Red1 Ne8
28. Rxd7 Rxd7 29. Ne3 Nd6 30. h3 h5 31. Rd3 g6 32. Qd1 Ke8 33. Qc2 Kd8 34. c4
Ne8 35. c5 Nf6 36. Nc4 Rd4 37. Nxe5 Rxd3 38. Qxd3+ Kc8 39. Nc4 Nd7 40. Qd4 Qe7
41. Nxa5 Qxc5 42. Qxc5 Nxc5 43. f3 Kc7 44. Kf2 f6 45. Ke3 b6 46. Nc4 Nxb3 47. f4
Nc5 48. Nb2 b5 49. axb5 cxb5 50. g4 h4 51. e5 f5 52. gxf5 gxf5 53. Nd3 Ne6 54.
Kd2 Kc6 55. Ke3 Kd5 56. Nb4+ Kc4 57. Nc6 b4 58. Ne7 b3 59. Kd2 Nd4 60. Kc1 Kc3
61. e6 b2+ 62. Kb1 Nf3 63. Ka2 Kc2 0-1

[Event "FIDE World Bl Team Pool B"]
[Site "London ENG"]
[Date "2025.06.14"]
[Round "6.2"]
[White "Giri, Anish"]
[Black "Mhango, Banele"]
[Result "1-0"]
[WhiteTitle "GM"]
[BlackTitle "FM"]
[WhiteElo "2748"]
[BlackElo "2236"]
[WhiteTeam "Hexamind Chess Team"]
[BlackTeam "Mother Continent"]
[WhiteFideId "24116068"]
[BlackFideId "14327040"]
[EventDate "2025.06.14"]
[EventType "team"]

1. e4 c5 2. Nf3 e6 3. d3 Nc6 4. g3 g6 5. Bg5 Qc7 6. Bg2 Bg7 7. c3 h6 8. Be3 d6
9. O-O Nf6 10. h3 O-O 11. Nbd2 e5 12. a3 Be6 13. b4 b6 14. Rc1 Qd7 15. Kh2 Rfd8
16. Re1 Rac8 17. b5 Na5 18. c4 Ne8 19. Nh4 Qe7 20. Nb1 Nc7 21. Nc3 Rf8 22. a4
Kh7 23. Bd2 Nb7 24. Nf5 Qd8 25. Nxg7 Kxg7 26. f4 Na5 27. f5 gxf5 28. exf5 Bd7
29. Qg4+ Kh7 30. Qh5 Qf6 31. Ne4 Qg7 32. Bxh6 1-0

[Event "FIDE World Bl Team Pool B"]
[Site "London ENG"]
[Date "2025.06.14"]
[Round "6.3"]
[White "George Samir, David"]
[Black "Vidit, Santosh Gujrathi"]
[Result "0-1"]
[WhiteTitle "FM"]
[BlackTitle "GM"]
[WhiteElo "2356"]
[BlackElo "2720"]
[WhiteTeam "Mother Continent"]
[BlackTeam "Hexamind Chess Team"]
[WhiteFideId "10657789"]
[BlackFideId "5029465"]
[EventDate "2025.06.14"]
[EventType "team"]

1. e4 c5 2. Nf3 d6 3. d4 cxd4 4. Nxd4 Nf6 5. Nc3 Nc6 6. Bg5 e6 7. Qd3 a6 8.
O-O-O Bd7 9. Nxc6 Bxc6 10. Qe3 Be7 11. h4 Qa5 12. Bc4 b5 13. Bb3 Qc7 14. f4 Qa7
15. Qe2 b4 16. Bxf6 gxf6 17. Ba4 Qd7 18. Bxc6 Qxc6 19. Nb1 Rc8 20. f5 Qc4 21.
Qxc4 Rxc4 22. Nd2 Rc5 23. Nf3 Rg8 24. Rd2 Rg4 25. Re1 a5 26. Rde2 h5 27. Kd2 Bf8
28. Kd3 Bh6 29. Nd4 Ke7 30. Nf3 Bf4 31. Rd1 Be5 32. Rh1 Bxb2 33. Rb1 Be5 34. Rb3
Kd7 35. a3 Rc3+ 36. Rxc3 Bxc3 37. axb4 axb4 38. Kc4 exf5 39. Kd5 fxe4 40. Rxe4
Rxg2 41. Rf4 Rxc2 42. Rf5 b3 0-1

[Event "FIDE World Bl Team Pool B"]
[Site "London ENG"]
[Date "2025.06.14"]
[Round "6.4"]
[White "Dominguez Perez, Leinier"]
[Black "Wanyama, Harold"]
[Result "1-0"]
[WhiteTitle "GM"]
[BlackTitle "FM"]
[WhiteElo "2738"]
[BlackElo "2143"]
[WhiteTeam "Hexamind Chess Team"]
[BlackTeam "Mother Continent"]
[WhiteFideId "3503240"]
[BlackFideId "10000380"]
[EventDate "2025.06.14"]
[EventType "team"]

1. e4 c5 2. Nf3 e6 3. d4 cxd4 4. Nxd4 Nc6 5. Nc3 Qc7 6. Be2 a6 7. Nxc6 bxc6 8.
Qd3 Nf6 9. Qg3 Qxg3 10. hxg3 Bb4 11. Bd2 e5 12. g4 Bxc3 13. Bxc3 d6 14. f3 Ke7
15. O-O-O Be6 16. g5 Nd7 17. f4 f6 18. gxf6+ gxf6 19. Rh4 Rag8 20. Bf3 exf4 21.
Rxf4 Ne5 22. Rf1 Rg6 23. Rf2 Rhg8 24. Rh4 R8g7 25. b3 Nxf3 26. gxf3 d5 27. Rfh2
Bg8 28. Rf4 Rf7 29. Rh5 Ke6 30. exd5+ cxd5 31. Ra4 Ra7 32. Kb2 Rg3 33. Rf4 Rf7
34. Rhf5 Rg6 35. a4 h6 36. Rh5 Rh7 37. Rb4 Ra7 38. Rb6+ Kf7 39. Rf5 Kg7 40.
Rfxf6 Rxf6 41. Rxf6 Kh7 42. Bd2 Rf7 43. Rxh6+ Kg7 44. Rxa6 Rxf3 45. Bc3+ Kh7 46.
Ra7+ Bf7 47. a5 Kh6 48. a6 Bg6 49. Rc7 Rf2 50. Bd4 Rf7 51. Rxf7 1-0